000 00748nam a2200205Ii 4500
003 JO-AjNU
008 230605s9999||||xx |||||||||||||| ||und||
040 _aJO-AjNU
_bara
_erda
_cJO-AjNU
041 _aara
050 1 4 _aPJ7601.I2634 1979
100 3 _aالبصري، أبي بكر محمد بن الحسن بن دريد الأزدي,
_eauthor
_938842
245 0 0 _aالمجتني لإمام اللغة والأدب أبي بكر محمد بن الحسن بن دريد الأزدي البصري
250 _aط1
264 3 1 _aدمشق:دار الفكر،1979
300 _a110ص
336 _atext
_btxt
_2rdacontent
337 _aunmediated
_bn
_2rdamedia
338 _avolume
_bnc
_2rdacarrier
650 4 _aالأدب العربي 
_938843
999 _aA16353
_c19921
_d19921